Deutschland, Österreich oder Schweiz - Musiker/Bands - Statistiken

Allgemein
  • Dieses Quiz wurde 1.323 mal gespielt
    1.312 seit der letzten Aktualisierung
  • Das Durchschnittsergebnis liegt bei 12 aus 18
Antwortstatistiken
Frage Antwort % Korrekt
Nena Deutschland
99%
Rammstein Deutschland
98%
Falco Österreich
97%
Scorpions Deutschland
95%
DJ Ötzi Österreich
91%
Kraftwerk Deutschland
89%
DJ BoBo Schweiz
87%
DJ Antoine Schweiz
76%
Cascada Deutschland
63%
Erste Allgemeine Verunsicherung (EAV) Österreich
63%
Lou Bega Deutschland
60%
Gotthard Schweiz
58%
Opus Österreich
52%
Parov Stelar Österreich
46%
Yello Schweiz
46%
Joe Zawinul Österreich
37%
Mike Candys Schweiz
37%
Double Schweiz
31%
Keine übereinstimmenden Quizze gefunden
Verteilung der Resultate
Anzahl Personen mit jedem Resultat
Perzentil nach korrekt beantworteten Fragen
Ihre Resultats-Entwicklung
Sie haben dieses Quiz seit der letzten Aktualisierung nicht gespielt